<?xml version="1.0" encoding="UTF-8"?><?xml-stylesheet type="text/xsl" href="static/style.xsl"?><OAI-PMH xmlns="http://www.openarchives.org/OAI/2.0/" xmlns:xsi="http://www.w3.org/2001/XMLSchema-instance" xsi:schemaLocation="http://www.openarchives.org/OAI/2.0/ http://www.openarchives.org/OAI/2.0/OAI-PMH.xsd"><responseDate>2026-04-13T00:12:04Z</responseDate><request verb="GetRecord" identifier="oai:www.recercat.cat:2445/209328" metadataPrefix="marc">https://recercat.cat/oai/request</request><GetRecord><record><header><identifier>oai:recercat.cat:2445/209328</identifier><datestamp>2026-03-17T01:23:58Z</datestamp><setSpec>com_2072_1057</setSpec><setSpec>col_2072_478861</setSpec><setSpec>col_2072_478916</setSpec><setSpec>col_2072_478917</setSpec></header><metadata><record xmlns="http://www.loc.gov/MARC21/slim" xmlns:dcterms="http://purl.org/dc/terms/" xmlns:xsi="http://www.w3.org/2001/XMLSchema-instance" xmlns:doc="http://www.lyncode.com/xoai" xsi:schemaLocation="http://www.loc.gov/MARC21/slim http://www.loc.gov/standards/marcxml/schema/MARC21slim.xsd">
   <leader>00925njm 22002777a 4500</leader>
   <datafield ind2=" " ind1=" " tag="042">
      <subfield code="a">dc</subfield>
   </datafield>
   <datafield ind2=" " ind1=" " tag="720">
      <subfield code="a">Kappes, Maria</subfield>
      <subfield code="e">author</subfield>
   </datafield>
   <datafield ind2=" " ind1=" " tag="720">
      <subfield code="a">Romero García, Marta</subfield>
      <subfield code="e">author</subfield>
   </datafield>
   <datafield ind2=" " ind1=" " tag="720">
      <subfield code="a">Sanchez, Maria Paz</subfield>
      <subfield code="e">author</subfield>
   </datafield>
   <datafield ind2=" " ind1=" " tag="720">
      <subfield code="a">Delgado-Hito, Pilar</subfield>
      <subfield code="e">author</subfield>
   </datafield>
   <datafield ind2=" " ind1=" " tag="260">
      <subfield code="c">2024-04-02T15:27:28Z</subfield>
   </datafield>
   <datafield ind2=" " ind1=" " tag="260">
      <subfield code="c">2025-02-14T06:10:15Z</subfield>
   </datafield>
   <datafield ind2=" " ind1=" " tag="260">
      <subfield code="c">2024-02-14</subfield>
   </datafield>
   <datafield ind2=" " ind1=" " tag="260">
      <subfield code="c">2024-04-02T15:27:33Z</subfield>
   </datafield>
   <datafield ind2=" " ind1=" " tag="520">
      <subfield code="a">Abstract: A qualitative study that provides evidence of the institutional support required by intensive care unit (ICU) nurses as second victims of adverse events (AEs).BackgroundThe phenomenon of second victims of AE in healthcare professionals can seriously impact professional confidence and contribute to the ongoing occurrence of AEs in hospitals. Objectives: The objective of this study was to describe the coping trajectories of second victims among nurses working in ICUs in public hospitals in Chile. Methods: Conducting qualitative research through the grounded theory method, this study focused on high-complexity hospitals in Chile, using theoretical sampling. The participants consisted of 11 nurses working in ICUs. Techniques used included in-depth interviews conducted between March and May 2023, as well as a focus group interview. Analysis, following the grounded theory approach proposed by Strauss and Corbin, involved constant comparison of data. Open, axial, and selective coding were applied until theoretical data saturation was achieved. The study adhered to reliability and authenticity criteria, incorporating a reflexive process throughout the research. Ethical approval was obtained from the ethics committee, and the study adhered to the consolidated criteria for reporting qualitative research.ResultsFrom the interviews, 29 codes were identified, forming six categories: perception of support when facing an AE, perception of helplessness when facing an AE, initiators of AE, responses when facing an AE, professional responsibility, and perception of AE. The perception of support when facing an AE emerged as the main category, determining whether the outcome was stagnation or overcoming of the phenomenon after the AE. Conclusions: For the coping process of ICU nurses following an AE, the most crucial factor is the support from colleagues and supervisors.</subfield>
   </datafield>
   <datafield tag="653" ind2=" " ind1=" ">
      <subfield code="a">Unitats de cures intensives</subfield>
   </datafield>
   <datafield tag="653" ind2=" " ind1=" ">
      <subfield code="a">Investigació qualitativa</subfield>
   </datafield>
   <datafield tag="653" ind2=" " ind1=" ">
      <subfield code="a">Seguretat dels pacients</subfield>
   </datafield>
   <datafield tag="653" ind2=" " ind1=" ">
      <subfield code="a">Intensive care units</subfield>
   </datafield>
   <datafield tag="653" ind2=" " ind1=" ">
      <subfield code="a">Qualitative research</subfield>
   </datafield>
   <datafield tag="653" ind2=" " ind1=" ">
      <subfield code="a">Patients safety</subfield>
   </datafield>
   <datafield ind2="0" ind1="0" tag="245">
      <subfield code="a">Coping trajectories of intensive care nurses as second victims: A grounded theory </subfield>
   </datafield>
</record></metadata></record></GetRecord></OAI-PMH>